000 00864nam a22003017a 4500
001 BR9802571
003 BR-BrBNA
005 20230928095930.0
007 ta
008 230509b bl.||||| |||| 00| 0 por d
040 _aBR-BrBNA
_bpor
_cBiblioteca Nacional de Agricultura
041 _a(Por)
072 _aF01
_b0230
090 _ 0230 BR9802571
100 1 _aFaganello, B.F.
100 1 _aCoury, R.M.
110 1 _aServico Nacional de Aprendizagem Rural, Curitiba, PR (Brasil). Administracao Regional do Estado do Parana
245 1 _aQueima da cana-de-acucar; cartilha do trabalhador
260 3 _aCuritiba, PR (Brasil):
_c1995.
300 _a42 p.
500 _a35 illus.
650 _aCana de Acucar
650 _aQueimada
650 _aPratica Cultural
650 _aExtensao Rural
909 _a202309
_bLucia
_c55
_dLucia Elande
942 _cBK
999 _c59480
_d59480